| 000 | 00554nam a2200181Ia 4500 | ||
|---|---|---|---|
| 003 | GCL | ||
| 008 | 140319s9999 xx 000 0 ara d | ||
| 040 |
_aGCL / _cGCL |
||
| 082 | 0 | 4 |
_a681.76 _bا ا |
| 100 | 1 | _aادلر، ارفنج | |
| 245 | 1 | 0 |
_aادوات العلم : من القياس الياردى الى السيلكوترون / _cادلر، ارفنج |
| 700 | 1 | _aعبدالرحمن كامل فهمى | |
| 300 | _a139 ص | ||
| 490 |
_aالالف كتاب _v0 |
||
| 650 | 0 | 4 | _aالتكنولوجيا |
| 650 | 0 | 4 | _aادوات |
| 942 |
_2ddc _cBK |
||
| 999 |
_c46259 _d46259 |
||